• 首页
  • 本馆介绍
  • 公告通知
  • 最新文献
  • 馆藏检索
  • 电子资源
  • 读者导购
  • 参考咨询
  • 我的图书馆
  • 登录
  • 详细信息显示
  • 放入我的书架
  • 预约/预借图书
  • 作者相关作品
  • 分类相关作品
  • 丛书相关作品
  • 出版社相关作品

书目信息

  • 表格格式
  • 工作单格式
  • 卡片格式
题名:
中草药中毒急救
    
 
作者: 赵棣华 主编
分册:  
出版信息: 成都   电子科技大学出版社  1989
页数: 332,70页
开本: 21cm
丛书名: 接触医学书系
单 册:
中图分类: R595.4
科图分类:
主题词: 中草药--药物中毒--急救 , 中草药 , 药物中毒
电子资源:
ISBN: 7-81016-118-0
000 00867oam2 2200277 45
001 0120066003622
005 20070705154626.17
010    @a7-81016-118-0@dCNY31.80
092    @aCN@b491930
100    @a20060423e20051989em y0chiy0120 ea
101 0  @achi
102    @aCN@b510000
105    @aa z 000yy
200 1  @a中草药中毒急救@9zhong cao yao zhong du ji jiu@f赵棣华主编
210    @a成都@c电子科技大学出版社@d1989@h2005重印
215    @a332,70页@c图@d21cm
225 2  @a接触医学书系
330    @a本书内容包括:每一药物均分为学名、别名、科别、性味、成分、毒状、救治等7项,并多数还附加有毒理,预防,附注等三项。
461  0 @12001 @a接触医学书系
606 0  @a中草药@x药物中毒@x急救
606 0  @a中草药
606 0  @a药物中毒
690    @aR595.4@v4
701  0 @a赵棣华@9zhao di hua@4主编
801  0 @aCN@bLZJBOOK@c20070705
905    @a10447@dR595.4@e99
    
    中草药中毒急救/赵棣华主编.-成都:电子科技大学出版社,1989(2005重印)
    332,70页:图;21cm.-(接触医学书系)
    
    
    ISBN 7-81016-118-0:CNY31.80
    本书内容包括:每一药物均分为学名、别名、科别、性味、成分、毒状、救治等7项,并多数还附加有毒理,预防,附注等三项。
●
相关链接 在E读中查询图书 在五车中查询图书 在当当中查询图书 在豆瓣中查询图书


正题名:中草药中毒急救     索取号:R595.4/99         预约/预借

序号 登录号 条形码 馆藏地/架位号 状态 备注
1 0562365   205623654   第二样本阅览室/ [索取号:R595.4/99] 在馆    
2 0562366   205623663   教育系资料室/ [索取号:R595.4/99] 在馆    
3 0562367   205623672   教育系资料室/ [索取号:R595.4/99] 在馆    
4 0562368   205623681   第三借阅区/ [索取号:R595.4/99] 在馆    
5 0562369   205623690   教育系资料室/ [索取号:R595.4/99] 在馆    
6 0562370   205623707   教育系资料室/ [索取号:R595.4/99] 在馆    
7 0562371   205623716   第三借阅区/ [索取号:R595.4/99] 在馆    
8 0562372   205623725   第三借阅区/ [索取号:R595.4/99] 在馆    
唐山师范学院图书馆 欢迎您!
大连网信软件有限公司© 版权所有